Children's literature in India / (Record no. 135766)
[ view plain ]
| 000 -LEADER | |
|---|---|
| fixed length control field | 00779nam a22002537a 4500 |
| 003 - CONTROL NUMBER IDENTIFIER | |
| control field | 0 |
| 005 - DATE AND TIME OF LATEST TRANSACTION | |
| control field | 20180703110905.0 |
| 008 - FIXED-LENGTH DATA ELEMENTS--GENERAL INFORMATION | |
| fixed length control field | 0 |
| 010 ## - LIBRARY OF CONGRESS CONTROL NUMBER | |
| LC control number | B-022470, B-22471 |
| 020 ## - INTERNATIONAL STANDARD BOOK NUMBER | |
| Terms of availability | 350.00 |
| International Standard Book Number | 8170118727 |
| 035 ## - SYSTEM CONTROL NUMBER | |
| System control number | B-022470, B-22471 |
| 037 ## - SOURCE OF ACQUISITION | |
| Source of stock number/acquisition | Cen Lib/Ret |
| 040 ## - CATALOGING SOURCE | |
| Original cataloging agency | DPL |
| Language of cataloging | EN |
| Transcribing agency | 0 |
| 082 ## - DEWEY DECIMAL CLASSIFICATION NUMBER | |
| Classification number | 808.899282 |
| Item number | CHI |
| 245 ## - TITLE STATEMENT | |
| Title | Children's literature in India / |
| Statement of responsibility, etc | edited by Navin Menon [and] Bhavana Nair |
| 260 ## - PUBLICATION, DISTRIBUTION, ETC. (IMPRINT) | |
| Place of publication, distribution, etc | New Delhi |
| Name of publisher, distributor, etc | Children's Book Trust |
| Date of publication, distribution, etc | 1999 |
| 270 ## - ADDRESS | |
| City | New Delhi |
| 300 ## - PHYSICAL DESCRIPTION | |
| Extent | 470p. |
| Dimensions | 22cm(Hb) |
| 650 ## - SUBJECT ADDED ENTRY--TOPICAL TERM | |
| Topical term or geographic name as entry element | Children's literature, Indic -- History and criticism. |
| 9 (RLIN) | 98421 |
| 650 ## - SUBJECT ADDED ENTRY--TOPICAL TERM | |
| Topical term or geographic name as entry element | Children -- Books and reading. |
| 9 (RLIN) | 98422 |
| 700 ## - ADDED ENTRY--PERSONAL NAME | |
| Personal name | Menon, Navin |
| 9 (RLIN) | 98423 |
| 700 ## - ADDED ENTRY--PERSONAL NAME | |
| Personal name | Nair, Bhavana |
| 9 (RLIN) | 98424 |
| 942 ## - ADDED ENTRY ELEMENTS (KOHA) | |
| Source of classification or shelving scheme | Dewey Decimal Classification |
| Koha item type | English Books |
| Classification part | 808.899282 |
| Call number suffix | CHI |
| Withdrawn status | Lost status | Damaged status | Not for loan | Collection code | Home library | Current library | Date acquired | Source of acquisition | Cost, normal purchase price | Total Checkouts | Full call number | Barcode | Date last seen | Copy number | Cost, replacement price | Price effective from | Koha item type | Source of classification or shelving scheme |
|---|---|---|---|---|---|---|---|---|---|---|---|---|---|---|---|---|---|---|
| Not For Loan | Reference | Central Library | Central Library | 08/10/2015 | Cen Lib/Ret | 350.00 | 808.899282 CHI | B-022470 | 08/10/2015 | 1 | 350.00 | 08/10/2015 | English Books | |||||
| Fiction | Patel Nagar | Patel Nagar | 03/07/2018 | BPPD/Pub | 350.00 | 808.899282 CHI | B-22471 | 03/07/2018 | 1 | 350.00 | 03/07/2018 | English Books | Dewey Decimal Classification | |||||
| Non-fiction | Sarojini Nagar | Sarojini Nagar | 19/06/2019 | 808.899282 CHI | B-022472 | 19/06/2019 | 19/06/2019 | English Books | Dewey Decimal Classification |
